Statistics for National player's club: Morocco

Click here to take the quiz!

General Stats

  • This quiz has been taken 25 times
    (9 since last reset)
  • The average score is 22 of 27

Answer Stats

PositionPlayerCountryClub% Correct
GKYassine BounouSaudi ArabiaAl-Hilal
100%
ATTAmine AdliGermanyBayer 04 Leverkusen
100%
DEFNoussair MazraouiGermanyBayern Munich
100%
ATTHakim ZiyechTurkeyGalatasaray
100%
MIDSofyan AmrabatEnglandManchester United
100%
DEFAchraf HakimiFranceParis Saint-Germain
100%
MIDIsmael SaibariNetherlandsPSV Eindhoven
100%
DEFChadi RiadSpainReal Betis
100%
ATTAbde EzzalzouliSpainReal Betis
100%
ATTYoussef En-NesyriSpainSevilla
100%
DEFYunis AbdelhamidFranceStade de Reims
100%
MIDAmir RichardsonFranceStade de Reims
100%
DEFNayef AguerdEnglandWest Ham United
100%
DEFRoman SaïssSaudi ArabiaAl Shabab
86%
MIDBilal El KhannousBelgiumKRC Genk
86%
ATTAyoub El KaabiGreeceOlympiacos
86%
MIDAzzedine OunahiFranceOlympique Marseille
86%
MIDAmine HaritFranceOlympique Marseille
86%
MIDOussama El AzzouziItalyBologna
57%
ATTTarik TissoudaliBelgiumKAA Gent
57%
DEFMohamed ChibiEgyptPyramids
57%
MIDSelim AmallahSpainValencia
57%
ATTSofiane BoufalQatarAl-Rayyan
43%
GKMunir MohamediSaudi ArabiaAl-Wehda
43%
GKMehdi BenabidMoroccoAS FAR
43%
DEFAbdel AbqarSpainDeportivo Alavés
43%
DEFYahia Attiyat AllahRussiaPFC Sochi
29%

Score Distribution

Percentile by Number Answered

Percent of People with Each Score

Your Score History

You have not taken this quiz since the last reset